LEADER 00881nam0-22003011i-450- 001 990007466580403321 005 20071005125022.0 035 $a000746658 035 $aFED01000746658 035 $a(Aleph)000746658FED01 035 $a000746658 100 $a20030814d1982----km-y0itay50------ba 101 0 $aeng 102 $aKO 105 $aa-------001yy 200 1 $a<>handbook of Korea 205 $a4 ed. 210 $aSeoul$cKorean Overseas Information Service.Ministry of Culture and Information$d1982 215 $a862 p.$cill.$d24 cm 610 0 $aCorea 710 02$aMinistry of culture and information service. Korean Overseas Information Service$0495634 801 0$aIT$bUNINA$gRICA$2UNIMARC 901 $aBK 912 $a990007466580403321 952 $aA-EXE 0019$bB.c.10585$fILFGE 959 $aILFGE 996 $aHandbook of Korea$9674028 997 $aUNINA LEADER 01341nam0-2200409---450- 001 990000308790203316 005 20091021123040.0 010 $a90-411-1125-5 035 $a0030879 035 $aUSA010030879 035 $a(ALEPH)000030879USA01 035 $a0030879 100 $a20001204d1999----||ita|01 ba 101 $aeng 102 $aNL 105 $a|||| ||||| 200 1 $aGuide to the Uruguay round agreements$fthe WTO Secretariat$g[a cura di John Croome] 210 $aThe Hague [etc.]$cKluwer law international$dcopyr. 1999 215 $aXX, 285 p.$d24 cm 606 $aCommercio$zAccordi internazionali 606 $aAccordo generale sulle tariffe e il commercio < GATT > 676 $a341.7543 702 1$aCROOME,$bJohn 710 02$aWorld trade organization$0265837 801 0$aIT$bUNFI$c20000324 912 $a990000308790203316 951 $aXXIII.2.C. 85 (IG VIII 10 648)$b27193 G.$cXXIII.2.C. 85 (IG VIII)$d00008307 959 $aBK 969 $aGIU 979 $aTAMI$b40$c20001204$lUSA01$h1105 979 $aPATTY$b90$c20001211$lUSA01$h1651 979 $c20020403$lUSA01$h1638 979 $aPATRY$b90$c20040406$lUSA01$h1621 979 $aGIUSY$b90$c20080418$lUSA01$h1241 979 $aRSIAV4$b90$c20091021$lUSA01$h1230 996 $aGuide to the Uruguay round agreements$9880907 997 $aUNISA LEADER 02879oam 2200649I 450 001 9910791880003321 005 20230725020058.0 010 $a1-136-89743-7 010 $a1-136-89744-5 010 $a1-283-03826-9 010 $a9786613038265 010 $a0-203-84125-5 024 7 $a10.4324/9780203841259 035 $a(CKB)2560000000058465 035 $a(EBL)957868 035 $a(OCoLC)798531588 035 $a(SSID)ssj0000470004 035 $a(PQKBManifestationID)11973302 035 $a(PQKBTitleCode)TC0000470004 035 $a(PQKBWorkID)10532093 035 $a(PQKB)11502083 035 $a(OCoLC)701718148 035 $a(MiAaPQ)EBC957868 035 $a(Au-PeEL)EBL957868 035 $a(CaPaEBR)ebr10446834 035 $a(CaONFJC)MIL303826 035 $a(EXLCZ)992560000000058465 100 $a20180706d2011 uy 0 101 0 $aeng 135 $aur|n|---||||| 181 $ctxt 182 $cc 183 $acr 200 14$aThe history of the Seljuq state $ea translation with commentary of the AkhbaI?r al-dawla al-saljuI?qiyya /$fClifford Edmund Bosworth 210 1$aMilton Park, Abingdon, Oxon ;$aNew York :$cRoutledge,$d2011. 215 $a1 online resource (198 p.) 225 0 $aRoutledge studies in the history of Iran and Turkey 300 $aDescription based upon print version of record. 311 $a1-138-78903-8 311 $a0-415-58844-8 320 $aIncludes bibliographical references and index. 327 $aBook Cover; Title; Copyright; Contents; Preface and acknowledgements; Abbreviations of journals, books, etc. cited; I Introduction; Translation of the text; Notes; Bibliography; Index of persons, peoples and tribes; Index of places; Index of technical terms 330 $aThe Akhbar al-dawla al-saljuqiyya is one of the key primary documents on the history of Western Persia and Iraq in the 11th and 12th centuries. This book provides an accessible English translation and commentary on the text, making available to a new readership this significant work on the pre-modern history of the Middle East and the Turkish peoples.The text is a chronicle of the Seljuq dynasty as it emerged within the Iranian lands in the 11th and 12th centuries, dominating the Middle Eastern lands, from Turkey and Syria to Iran and eastern Afghanistan. During this formati 410 0$aRoutledge Studies in the History of Iran and Turkey 606 $aSeljuks 607 $aIslamic Empire$xHistory$y750-1258 615 0$aSeljuks. 676 $a956.014 676 $a956/.014 700 $aHusayniI?$b Sadr al-DiI?n 'AliI? ibn NaI?sir$ffl. 1180-1225.,$01486951 701 $aBosworth$b Clifford Edmund$0162019 801 0$bFlBoTFG 801 1$bFlBoTFG 906 $aBOOK 912 $a9910791880003321 996 $aThe history of the Seljuq state$93706615 997 $aUNINA